000 00412nam a2200157Ia 4500
003 GCL
008 140319s9999 xx 000 0 eng d
040 _aGCL /
_cGCL
082 0 4 _aP
_b050
_bT I
100 1 _aTHEE MINISTRY OF INTIRNAIONAL COOPERATIO
245 1 0 _aINVESTING IN EGYPT /
_cTHEE MINISTRY OF INTIRNAIONAL COOPERATIO
260 _a[S.N] :
_bPRISM
300 _a41
650 0 4 _aART
942 _2ddc
_cCR
999 _c25810
_d25810